Rick and Morty Superfan Quiz - Statistics

General Stats
  • This quiz has been taken 662 times
    655 since last reset
  • The average score is 5 of 22
Answer Stats
Question Answer % Correct
What is our Rick and Morty's original dimension? C-137
89%
How many times have our Rick and Morty moved realities? Twice (at least)
73%
In episode 307, who schemes his way to power on the Citadel? Evil Morty
61%
He's the only one who's allowed to have Eyeholes. Eyehole Man
36%
What recurring character does co-creator Dan Harmon play? Bird Person
32%
What Jerry babysitting service did another Rick invent? Jerryboree
25%
He knows nothing of the tragic events of _________. 65.3432.23/14
23%
How many times was Jerry shot in Interdimensional Cable 2? Fifty-seven
22%
What was the name of Jerry's blue alien ex-girlfriend? Kiara
21%
Who does Jerry's voice? Chris Parnell
17%
Why would you keep alien bacteria in a pint of _____ _____?! Cherry Garcia
15%
What is Rick's middle initial? D
12%
What was the prominent species of the Galactic Federation? Gromflomites
10%
What is Gearhead's real name? Revolio Clockberg, Jr.
8%
What is Beth's hometown? Muskegon
7%
What other band? Blonde Readhead
3%
What band has songs recurring throughout the series? Chaos Chaos
3%
Who did Ryan Ridley play in episode 209? Lighthouse Keeper
2%
What was Shrimply Pibbles' planet destroyed by? Clorgon Death Squads
0%
What is Rick's heritage? Hispanic/Mexican
0%
What reality is Doofus Rick from? J-19 Zeta-7
0%
Geez, Morty. I take it _____ ______ hasn't texted you back yet? Katherine Hefflefinger
0%
No matching quizzes found
Score Distribution
Percent of People with Each Score
Percentile by Number Answered
Your Score History
You have not taken this quiz since the last reset